书目信息 |
| 题名: |
英汉美术词典
|
|
| 作者: | 钟肇恒 编 | |
| 分册: | ||
| 出版信息: | 上海 上海外语教育出版社 1994.11 |
|
| 页数: | 644页 | |
| 开本: | 32开 | |
| 丛书名: | ||
| 单 册: | ||
| 中图分类: | J-61 | |
| 科图分类: | ||
| 主题词: | 艺术 | |
| 电子资源: | ||
| ISBN: | 7-81009-755-5 | |
| 000 | 00547nam0 2200205 45 | |
| 001 | 0003131400 | |
| 005 | 20031219104043.4 | |
| 010 | @a7-81009-755-5@b精装@dCNY25.00 | |
| 100 | @a20000313d1994 km y0chiy0120 ea | |
| 101 | @achi | |
| 105 | @a z 000yy | |
| 200 | 1 | @a英汉美术词典@AYing Han Mei Shu Ci Dian@f钟肇恒编 |
| 205 | @a增订本 | |
| 210 | @a上海@c上海外语教育出版社@d1994.11 | |
| 215 | @a644页@c插图@d32开 | |
| 606 | 0 | @a艺术 |
| 690 | @aJ-61@v1 | |
| 701 | @a钟肇恒@4编 | |
| 801 | @aCN@bTSTC@c20011018 | |
| 905 | @f2@b285719-720@dJ-61@e7=2 | |
| 英汉美术词典/钟肇恒编.-增订本.-上海:上海外语教育出版社,1994.11 |
| 644页:插图;32开 |
| ISBN 7-81009-755-5(精装):CNY25.00 |
| ● |
| 相关链接 |
|
|
|
|
正题名:英汉美术词典
索取号:J-61/7=2
 
预约/预借
| 序号 | 登录号 | 条形码 | 馆藏地/架位号 | 状态 | 备注 |
| 1 | 0285719 | 002857199 | 第一样本阅览室/ [索取号:J-61/7=2] | 在馆 | |
| 2 | 0285720 | 002857206 | 工具书阅览室/ [索取号:J-61/7=2] | 在馆 |